| 000 -LEADER |
| fixed length control field |
00336nam a22001217a 4500 |
| 008 - FIXED-LENGTH DATA ELEMENTS--GENERAL INFORMATION |
| fixed length control field |
250422b ||||| |||| 00| 0 eng d |
| 020 ## - INTERNATIONAL STANDARD BOOK NUMBER |
| International Standard Book Number |
9780750296557 |
| 082 ## - DEWEY DECIMAL CLASSIFICATION NUMBER |
| Classification number |
580.1 BAL |
| 100 ## - MAIN ENTRY--PERSONAL NAME |
| Personal name |
BALLARD,CAROL |
| Relator term |
AUTHOR |
| 245 ## - TITLE STATEMENT |
| Title |
PLANT VARIATION AND CLASSIFICATION |
| 260 ## - PUBLICATION, DISTRIBUTION, ETC. |
| Place of publication, distribution, etc. |
CARMELITE HOUSE,50 VICTORIA EMBANKMENT |
| Name of publisher, distributor, etc. |
WAYLAND |
| 942 ## - ADDED ENTRY ELEMENTS (KOHA) |
| Source of classification or shelving scheme |
|